[Event "Seville op 38th"]
[Site "Seville"]
[Date "2013.01.12"]
[Round "2"]
[White "Gonzalez Perez, Arian"]
[Black "Pena Dieguez, Manuel"]
[Result "1-0"]
[WhiteElo "2474"]
[BlackElo "2044"]
[PlyCount "72"]
[EventDate "2013.01.11"]
[EventType "swiss"]
[EventRounds "9"]
[EventCountry "ESP"]
[SourceTitle "CBM 152 Extra"]
[Source "ChessBase"]
[SourceDate "2013.02.25"]
[SourceVersion "1"]
[SourceVersionDate "2013.02.25"]
[SourceQuality "1"]

1. d4 e6 2. e4 d5 3. Nc3 Bb4 4. e5 c5 5. a3 Bxc3+ 6. bxc3 Nc6 7. Qg4 Nge7 8. Qxg7 Rg8 9. Qxh7 cxd4 10. cxd4 Nxd4 11. Qd3 Nec6 12. f4 Qh4+ 13. g3 Rxg3 14. Qxg3 Qxg3+ 15. hxg3 Nxc2+ 16. Kd2 Nxa1 17. Rh8+ Ke7 18. Kc3 Na5 19. f5 exf5 20. Bb5 Nc6 21. Bg5+ Kd7 22. Kb2 a6 23. Bxc6+ bxc6 24. Rd8+ Kc7 25. Rf8 Rb8+ 26. Kxa1 Rb3 27. Rxf7+ Kb6 28. Ne2 Rxa3+ 29. Kb2 Rf3 30. Bf4 c5 31. Nc3 Rf2+ 32. Kb3 d4 33. Na4+ Kb5 34. Nxc5 Kxc5 35. Rc7+ Kb5 36. Rxc8 a5 1-0

[Event "Seville op 37th"]
[Site "Seville"]
[Date "2012.01.08"]
[Round "2"]
[White "Malakhatko, Vadim"]
[Black "Pena Dieguez, Manuel"]
[Result "1-0"]
[WhiteElo "2524"]
[BlackElo "2087"]
[PlyCount "43"]
[EventDate "2012.01.07"]
[EventType "swiss"]
[EventRounds "9"]
[EventCountry "ESP"]
[SourceTitle "CBM 146 Extra"]
[Source "ChessBase"]
[SourceDate "2012.02.29"]
[SourceVersion "1"]
[SourceVersionDate "2012.02.29"]
[SourceQuality "1"]

1. c4 Nf6 2. Nc3 g6 3. Nf3 d5 4. cxd5 Nxd5 5. Qc2 Bg7 6. e4 Nb6 7. d4 Nc6 8. d5 Nd4 9. Nxd4 Bxd4 10. Bh6 Bd7 11. Rd1 Bxc3+ 12. Qxc3 Rg8 13. Be2 Qc8 14. Bf4 g5 15. Bxc7 Na4 16. Qg3 Nc5 17. Rc1 Nxe4 18. Qe5 Bf5 19. Bb5+ Kf8 20. 0-0 f6 21. Qd4 Bg6 22. f3 1-0

[Event "Seville op 35th"]
[Site "Seville"]
[Date "2010.01.16"]
[Round "9"]
[White "Pena Dieguez, Manuel"]
[Black "Munoz Martin, Pablo"]
[Result "1/2-1/2"]
[WhiteElo "2095"]
[BlackElo "2255"]
[PlyCount "28"]
[EventDate "2010.01.08"]
[EventType "swiss"]
[EventRounds "9"]
[EventCountry "ESP"]
[SourceTitle "CBM 134 Extra"]
[Source "ChessBase"]
[SourceDate "2010.03.03"]
[SourceVersion "1"]
[SourceVersionDate "2010.03.03"]
[SourceQuality "1"]

1. e4 c5 2. Nf3 Nc6 3. d4 cxd4 4. Nxd4 Nf6 5. Nc3 e5 6. Ndb5 d6 7. Bg5 a6 8. Na3 b5 9. Nd5 Be7 10. Bxf6 Bxf6 11. c4 b4 12. Nc2 a5 13. Qf3 Bg5 14. Rd1 h5 1/2-1/2

[Event "Seville op 34th"]
[Site "Seville"]
[Date "2009.01.24"]
[Round "2"]
[White "Pena Dieguez, Manuel"]
[Black "Matamoros Franco, Carlos S"]
[Result "0-1"]
[WhiteElo "2071"]
[BlackElo "2532"]
[PlyCount "68"]
[EventDate "2009.01.23"]
[EventType "swiss"]
[EventRounds "9"]
[EventCountry "ESP"]
[SourceTitle "CBM 128 Extra"]
[Source "ChessBase"]
[SourceDate "2009.03.05"]
[SourceVersion "2"]
[SourceVersionDate "2009.03.25"]
[SourceQuality "1"]

1. e4 e6 2. d4 d5 3. Nc3 Bb4 4. e5 c5 5. a3 Bxc3+ 6. bxc3 Ne7 7. Qg4 Qc7 8. Qxg7 Rg8 9. Qxh7 cxd4 10. Ne2 Nbc6 11. f4 Bd7 12. Qd3 dxc3 13. Nxc3 a6 14. Rb1 Rc8 15. Bd2 Na5 16. Qd4 b5 17. Qf2 Nc4 18. Bxc4 Qxc4 19. Rb4 Qc7 20. h4 Nf5 21. h5 Rg4 22. h6 Ke7 23. Rh5 Qc6 24. h7 Rh8 25. Rxf5 exf5 26. Nxd5+ Qxd5 27. Rd4 Qxg2 28. Rxd7+ Kxd7 29. Qa7+ Kc8 30. Qc5+ Kb7 31. Be3 Qh1+ 32. Ke2 Rg2+ 33. Bf2 Rxf2+ 34. Kxf2 Rc8 0-1

[Event "Coria del Rio op 12th"]
[Site "Coria del Rio"]
[Date "2006.02.12"]
[Round "5"]
[White "Zozulia, Anna"]
[Black "Pena Dieguez, Manuel"]
[Result "1-0"]
[WhiteElo "2366"]
[BlackElo "2041"]
[PlyCount "41"]
[EventDate "2006.02.08"]
[EventType "swiss"]
[EventRounds "7"]
[EventCountry "ESP"]
[SourceTitle "CBM 110 Extra"]
[Source "ChessBase"]
[SourceDate "2006.03.10"]
[SourceVersion "2"]
[SourceVersionDate "2006.03.10"]
[SourceQuality "1"]

1. e4 e5 2. Nf3 Nf6 3. Nxe5 Nc6 4. Nxc6 dxc6 5. Nc3 Bc5 6. h3 0-0 7. d3 Re8 8. Be2 Be6 9. 0-0 Qd7 10. Kh2 Rad8 11. f4 Qe7 12. Bf3 Bc8 13. Qe2 g5 14. fxg5 Qe5+ 15. g3 Qe6 16. Qg2 Kh8 17. gxf6 Rg8 18. Bf4 Rg6 19. Bh5 Rdg8 20. Bxg6 Rxg6 21. Ne2 1-0

[Event "Ortigueira op 4th"]
[Site "Ortigueira"]
[Date "2005.08.16"]
[Round "5"]
[White "Velicka, Petr"]
[Black "Pena Dieguez, Manuel"]
[Result "1-0"]
[WhiteElo "2441"]
[BlackElo "2297"]
[PlyCount "115"]
[EventDate "2005.08.12"]
[EventType "swiss"]
[EventRounds "9"]
[EventCountry "ESP"]
[SourceTitle "CBM 107 Extra"]
[Source "ChessBase"]
[SourceDate "2005.09.01"]
[SourceVersion "1"]
[SourceVersionDate "2005.09.01"]
[SourceQuality "1"]

1. b3 Nf6 2. Bb2 e6 3. c4 c5 4. e3 Nc6 5. Nf3 Be7 6. Be2 0-0 7. 0-0 b6 8. d4 cxd4 9. Nxd4 Nxd4 10. Qxd4 Bb7 11. Nc3 Bc5 12. Qd3 Qe7 13. a3 d5 14. cxd5 Nxd5 15. Ne4 Rfd8 16. Nxc5 bxc5 17. Qc2 Qg5 18. g3 Qh6 19. Rad1 Qh3 20. e4 Nf6 21. Bxf6 gxf6 22. Bf3 Rxd1 23. Rxd1 f5 24. Qxc5 Qh6 25. Qe7 Bc6 26. Qc7 Bxe4 27. Bxe4 fxe4 28. Qb7 Qf8 29. Qxe4 Rb8 30. b4 a5 31. Qe5 axb4 32. Qg5+ Kh8 33. Qf6+ Kg8 34. Rd4 h6 35. Rg4+ Kh7 36. axb4 Rb7 37. h4 Rb5 38. Rf4 Kg8 39. Rg4+ Kh7 40. Rd4 Qg7 41. Qxg7+ Kxg7 42. Kf1 Kf6 43. Ke2 Ke5 44. Kd3 h5 45. Rf4 f5 46. Kc4 Rb8 47. b5 Rc8+ 48. Kb4 Kd5 49. Rf3 Rc2 50. Rd3+ Ke4 51. Rc3 Rxf2 52. b6 Rb2+ 53. Rb3 Rd2 54. b7 Rd8 55. Kc5 Rb8 56. Kd6 e5 57. Rb4+ Kf3 58. Kxe5 1-0

[Event "Coria del Rio op 11th"]
[Site "Coria del Rio"]
[Date "2005.02.18"]
[Round "9"]
[White "Pena Dieguez, Manuel"]
[Black "Razmyslov, Alexander"]
[Result "0-1"]
[WhiteElo "2060"]
[BlackElo "2307"]
[PlyCount "110"]
[EventDate "2005.02.10"]
[EventType "swiss"]
[EventRounds "9"]
[EventCountry "ESP"]
[SourceTitle "CBM 104 Extra"]
[Source "ChessBase"]
[SourceDate "2005.03.01"]
[SourceVersion "1"]
[SourceVersionDate "2005.03.01"]
[SourceQuality "1"]

1. e4 c5 2. Nf3 Nc6 3. d3 g6 4. g3 Bg7 5. Bg2 d6 6. 0-0 Nf6 7. Nbd2 Rb8 8. c3 0-0 9. Re1 d5 10. Qc2 e5 11. Nf1 h6 12. h3 Be6 13. Nh4 Qd7 14. Kh2 g5 15. Nf5 Bxf5 16. exf5 Qxf5 17. g4 Qg6 18. Ng3 c4 19. Nf5 cxd3 20. Qxd3 e4 21. Qg3 Rfe8 22. Be3 Nh5 23. gxh5 Qxf5 24. Kg1 Qe6 25. f4 gxf4 26. Bxf4 Rbd8 27. h4 Kh8 28. Bh3 Qe7 29. Kh1 Rg8 30. Bc7 Be5 31. Qe3 Rg3 32. Bxe5+ Qxe5 33. Qxh6+ Kg8 34. Rg1 Rd6 35. Qe3 Rxg1+ 36. Rxg1+ Kh8 37. Rg5 Qf6 38. Bg2 Rd8 39. Qg3 b5 40. b3 a5 41. h6 b4 42. cxb4 axb4 43. h7 Ne7 44. Qg4 Qa1+ 45. Kh2 f5 46. Qg3 Qf6 47. Kh1 f4 48. Qg4 f3 49. Bf1 e3 50. Bd3 e2 51. Bxe2 fxe2 52. Qxe2 d4 53. Qd3 Qf4 54. Kg2 Rf8 55. Qe2 Qf6 0-1

[Event "Seville op 30th"]
[Site "Seville"]
[Date "2005.01.08"]
[Round "2"]
[White "Pena Dieguez, Manuel"]
[Black "Rizouk, Aimen"]
[Result "0-1"]
[WhiteElo "2060"]
[BlackElo "2465"]
[PlyCount "52"]
[EventDate "2005.01.07"]
[EventType "swiss"]
[EventRounds "9"]
[EventCountry "ESP"]
[SourceTitle "CBM 104 Extra"]
[Source "ChessBase"]
[SourceDate "2005.03.01"]
[SourceVersion "1"]
[SourceVersionDate "2005.03.01"]
[SourceQuality "1"]

1. e4 c5 2. Nc3 d6 3. f4 g6 4. Nf3 Bg7 5. d3 Nc6 6. Be3 e6 7. g3 Nge7 8. Bg2 0-0 9. 0-0 b6 10. Kh1 d5 11. Bg1 Ba6 12. Re1 dxe4 13. Rxe4 Nd5 14. Qd2 Qc7 15. a4 Rad8 16. Ree1 Nxc3 17. bxc3 Rfe8 18. Rf1 Bb7 19. Ng5 h6 20. Nf3 Na5 21. Be3 Nc4 22. Qe1 Nxe3 23. Qxe3 Bxc3 24. Rad1 Ba6 25. f5 exf5 26. Qxh6 Re2 0-1

[Event "Narciso Yepes Memorial"]
[Site "Lorca"]
[Date "2005.??.??"]
[Round "?"]
[White "Damljanovic, Branko"]
[Black "Pena Dieguez, Manuel"]
[Result "1-0"]
[WhiteElo "2612"]
[BlackElo "2297"]
[PlyCount "69"]
[EventDate "2005.07.01"]
[EventType "swiss"]
[EventRounds "9"]
[EventCountry "ESP"]
[SourceTitle "CBM 107 Extra"]
[Source "ChessBase"]
[SourceDate "2005.09.01"]
[SourceVersion "1"]
[SourceVersionDate "2005.09.01"]
[SourceQuality "1"]

1. d4 Nf6 2. c4 g6 3. Bg5 Ne4 4. Bf4 c5 5. f3 Qa5+ 6. Nd2 Nf6 7. d5 d6 8. e4 Bg7 9. Be3 0-0 10. Ne2 Nfd7 11. Qc2 f5 12. exf5 Ne5 13. Ng3 gxf5 14. Nh5 f4 15. Bxf4 Bf5 16. Qb3 Bh8 17. Bh6 Re8 18. Ng3 Bg6 19. Be2 Nf7 20. Bf4 Na6 21. 0-0 Qb4 22. a3 Qxb3 23. Nxb3 Bxb2 24. Ra2 Bg7 25. Bc1 Bb1 26. Rd2 Bc3 27. Bb2 Bxd2 28. Nxd2 Bc2 29. f4 Nc7 30. Rc1 Ba4 31. Rc3 e5 32. f5 Rf8 33. Nde4 Rad8 34. Nh5 Bd7 35. Nxd6 1-0

[Event "Narciso Yepes Memorial"]
[Site "Lorca"]
[Date "2005.??.??"]
[Round "?"]
[White "Pena Dieguez, Manuel"]
[Black "Saldano Dayer, Horacio"]
[Result "1/2-1/2"]
[WhiteElo "2297"]
[BlackElo "2447"]
[PlyCount "42"]
[EventDate "2005.07.01"]
[EventType "swiss"]
[EventRounds "9"]
[EventCountry "ESP"]
[SourceTitle "CBM 107 Extra"]
[Source "ChessBase"]
[SourceDate "2005.09.01"]
[SourceVersion "1"]
[SourceVersionDate "2005.09.01"]
[SourceQuality "1"]

1. e4 c5 2. Nf3 e6 3. d4 cxd4 4. Nxd4 Nc6 5. Nc3 a6 6. Be2 d6 7. 0-0 Nf6 8. Be3 Be7 9. f4 0-0 10. a4 Bd7 11. Kh1 Nxd4 12. Bxd4 Bc6 13. Bf3 Nd7 14. e5 dxe5 15. fxe5 Qc7 16. Qe2 Rab8 17. Rae1 Bc5 18. Bxc5 Nxc5 19. Bxc6 Qxc6 20. Rf4 Rbd8 21. Qe3 Nd7 1/2-1/2

[Event "Coria del Rio op 10th"]
[Site "Coria del Rio"]
[Date "2004.02.15"]
[Round "5"]
[White "Razmyslov, Alexander"]
[Black "Pena Dieguez, Manuel"]
[Result "1-0"]
[WhiteElo "2337"]
[BlackElo "2093"]
[PlyCount "45"]
[EventDate "2004.02.11"]
[EventType "swiss"]
[EventRounds "9"]
[EventCountry "ESP"]
[SourceTitle "CBM 098 Extra"]
[Source "ChessBase"]
[SourceDate "2004.03.10"]
[SourceVersion "2"]
[SourceVersionDate "2004.03.10"]
[SourceQuality "1"]

1. e4 c5 2. c3 d5 3. exd5 Qxd5 4. d4 Nc6 5. Nf3 Bg4 6. Be2 e6 7. Na3 cxd4 8. Nb5 Rc8 9. Qa4 Bc5 10. b4 Bb6 11. c4 Qd7 12. c5 Bc7 13. Nbxd4 Nge7 14. Bb2 0-0 15. Rd1 Ne5 16. b5 Bxf3 17. Nxf3 Nxf3+ 18. Bxf3 Nd5 19. 0-0 Rfd8 20. Rfe1 Bb8 21. Qg4 f5 22. Qd4 Qf7 23. Rxe6 1-0

[Event "Seville op 29th"]
[Site "Seville"]
[Date "2004.01.10"]
[Round "2"]
[White "Strikovic, Aleksa"]
[Black "Pena Dieguez, Manuel"]
[Result "1-0"]
[WhiteElo "2524"]
[BlackElo "2093"]
[PlyCount "31"]
[EventDate "2004.01.09"]
[EventType "swiss"]
[EventRounds "9"]
[EventCountry "ESP"]
[SourceTitle "CBM 098 Extra"]
[Source "ChessBase"]
[SourceDate "2004.03.10"]
[SourceVersion "2"]
[SourceVersionDate "2004.03.10"]
[SourceQuality "1"]

1. Nf3 f5 2. d3 g6 3. e4 d6 4. exf5 Bxf5 5. d4 Bg7 6. Bd3 Qd7 7. 0-0 Nc6 8. Bxf5 Qxf5 9. c4 e5 10. d5 Nd8 11. Nc3 Nf6 12. Qe2 0-0 13. Ng5 Nh5 14. g4 Qd7 15. gxh5 h6 16. Nge4 1-0

[Event "Coria del Rio op 7th"]
[Site "Coria del Rio"]
[Date "2001.02.21"]
[Round "8"]
[White "Pena Dieguez, Manuel"]
[Black "Garcia Martinez, Silvino"]
[Result "0-1"]
[WhiteElo "2090"]
[BlackElo "2371"]
[PlyCount "56"]
[EventDate "2001.02.14"]
[EventType "swiss"]
[EventRounds "9"]
[EventCountry "ESP"]
[SourceTitle "CBM 080 Extra"]
[Source "ChessBase"]
[SourceDate "2001.03.08"]
[SourceVersion "1"]
[SourceVersionDate "2001.03.08"]
[SourceQuality "1"]

1. e4 c5 2. d3 Nc6 3. g3 g6 4. Bg2 Bg7 5. Ne2 d6 6. 0-0 Rb8 7. f4 f5 8. c3 e6 9. exf5 gxf5 10. Na3 d5 11. Nc2 Nf6 12. Re1 0-0 13. Be3 b6 14. Kh1 Ng4 15. Bg1 Bb7 16. Qd2 Qd7 17. Rad1 d4 18. cxd4 cxd4 19. h3 Nh6 20. Nc1 Nf7 21. b4 e5 22. b5 Ne7 23. Nb3 Ng6 24. a4 exf4 25. Nbxd4 fxg3 26. Ne6 Nh4 27. Nf4 Nxg2 28. Nxg2 f4 0-1

[Event "Coria del Rio op 7th"]
[Site "Coria del Rio"]
[Date "2001.02.16"]
[Round "3"]
[White "Pena Dieguez, Manuel"]
[Black "Simonenko, Sergei"]
[Result "0-1"]
[WhiteElo "2090"]
[BlackElo "2463"]
[PlyCount "68"]
[EventDate "2001.02.14"]
[EventType "swiss"]
[EventRounds "9"]
[EventCountry "ESP"]
[SourceTitle "CBM 080 Extra"]
[Source "ChessBase"]
[SourceDate "2001.03.08"]
[SourceVersion "1"]
[SourceVersionDate "2001.03.08"]
[SourceQuality "1"]

1. e4 d6 2. d4 Nf6 3. Nc3 g6 4. Bg5 h6 5. Bh4 c6 6. Qd2 Bg7 7. Bd3 e5 8. dxe5 dxe5 9. Nf3 Qc7 10. h3 g5 11. Bg3 Nh5 12. Ne2 Be6 13. Ned4 Bc8 14. Bh2 Nf4 15. Bxf4 exf4 16. 0-0-0 0-0 17. e5 c5 18. Nb5 Qb6 19. Bc4 Nc6 20. Qe2 Bf5 21. c3 Rad8 22. e6 fxe6 23. Bxe6+ Bxe6 24. Qxe6+ Kh8 25. Nd6 Qc7 26. Nb5 Rxd1+ 27. Rxd1 Qf7 28. Qxf7 Rxf7 29. Rd5 Bf8 30. Nd2 Re7 31. Kd1 a6 32. Nd6 Rd7 33. N2e4 c4 34. Rd2 b5 0-1

[Event "Seville op 26th"]
[Site "Seville"]
[Date "2001.01.17"]
[Round "6"]
[White "Pena Dieguez, Manuel"]
[Black "Komljenovic, Davorin"]
[Result "0-1"]
[WhiteElo "2090"]
[BlackElo "2512"]
[PlyCount "74"]
[EventDate "2001.01.12"]
[EventType "swiss"]
[EventRounds "9"]
[EventCountry "ESP"]
[SourceTitle "CBM 080 Extra"]
[Source "ChessBase"]
[SourceDate "2001.03.08"]
[SourceVersion "1"]
[SourceVersionDate "2001.03.08"]
[SourceQuality "1"]

1. b3 d5 2. Bb2 Bg4 3. d3 e6 4. Nd2 c5 5. Ngf3 Nc6 6. e4 Nf6 7. Be2 Be7 8. Ne5 Bxe2 9. Qxe2 Nd4 10. Qd1 Qc7 11. Nef3 Rd8 12. e5 Nd7 13. 0-0 Nc6 14. Re1 Nf8 15. a4 Ng6 16. g3 a6 17. Qe2 Bf8 18. Ng5 h6 19. Nh3 Nd4 20. Bxd4 cxd4 21. f4 Ne7 22. g4 h5 23. f5 hxg4 24. fxe6 Rxh3 25. Qxg4 Rh6 26. exf7+ Kxf7 27. Nf3 Kg8 28. Re2 Nc6 29. Rf1 Qf7 30. Ng5 Qh5 31. Qf5 Be7 32. Nf7 Rg6+ 33. Kh1 Qxe2 34. Qh3 Qxf1+ 35. Qxf1 Rf8 36. Qf5 Rxf7 37. Qd7 Nd8 0-1